Statistics for Country Word Search #16

Click here to take the quiz!

General Stats

  • This quiz has been taken 3,183 times
  • The average score is 10 of 11

Answers on the Map

Answers color-coded by a green-red scale on the quiz's map according to % correct below.
 

Answer Stats

Country% Correct
Gambia
100%
Estonia
99%
Guyana
99%
Togo
98%
India
97%
Palau
97%
Greece
96%
Chad
93%
Latvia
93%
Tuvalu
93%
Moldova
78%

Score Distribution

Percentile by Number Answered

Percent of People with Each Score

Your Score History

You have not taken this quiz